000 00257nam a22001097a 4500
008 170118b xxu||||| |||| 00| 0 eng d
020 _a9780721664880
041 _aeng
080 _a618.2
245 _aNURSING CARE OF CHILDREN
_cASHWILL, J.W
942 _2udc
_cBK
999 _c3069
_d3069